Statistics for Geometry Dash famous creators

Click here to take the quiz!

General Stats

  • This quiz has been taken 168 times
  • The average score is 9 of 28

Answer Stats

LevelCreator% Correct
NecropolisNeptune
83%
XTriAxis
80%
UltravioletViPriN
74%
AltergameSerponge
67%
Windy LandscapeWOOGI1411
66%
La CampanellaFunnygame
60%
ystepTheRealDarnoc
52%
Ditched MachineJeyzor
47%
InsomniaGlittershroom
45%
Ultra DriversLazerblitz
45%
Astronaut 13Minesap
45%
FuryFunkZenthicAlpha
43%
Deadlocked V3Noriega
34%
Endorphin RushTamaN
26%
PhotovaltaicMazl
24%
Final ReduxManix648
23%
Another CataclysmFindexi
20%
Horntail CaveEraeL
17%
VanillaSkitten
15%
Bass KnightASonicMen
14%
A New DawnEtzer
13%
StarShipSumsar
11%
Hot PursuitAdiale
10%
UndergroundAbstractDark
9%
AlpharCodex
9%
Shiny PearlsJerkrat
8%
Water DropletsGoose
5%
FunctionEchonox
4%

Score Distribution

Percentile by Number Answered

Percent of People with Each Score

Your Score History

You have not taken this quiz